| 000 | 00532nam a2200217Ia 4500 | ||
|---|---|---|---|
| 003 | OSt | ||
| 005 | 20220624151944.0 | ||
| 008 | 210210b2013 xxu||||| |||| 00| 0 eng d | ||
| 020 | _a9788173718892 | ||
| 040 | _cAL | ||
| 041 | _aeng | ||
| 082 | _a576 KAPA | ||
| 100 |
_aKAPIL (Arti) Ed _945069 |
||
| 245 | _aAnanthanarayan and Panikers textbook of microbiology | ||
| 250 | _a9 | ||
| 260 |
_aHyderabad _bUniversities Press _c2013 |
||
| 300 | _ax,710 | ||
| 690 |
_aMicrobiology _945070 |
||
| 906 | _a067993 | ||
| 942 |
_2ddc _cBK |
||
| 999 |
_c152273 _d152273 |
||